Statistics for Biggest Cities in Michigan

Click here to take the quiz!

General Stats

  • This quiz has been taken 19,048 times
    (4,376 since last reset)
  • The average score is 11 of 30

Answers on the Map

Answers color-coded by a green-red scale on the quiz's map according to % correct below.
Loading ...
 

Answer Stats

Population City % Correct
672,662Detroit
99%
118,427Lansing
82%
121,890Ann Arbor
73%
200,217Grand Rapids
70%
95,943Flint
68%
76,545Kalamazoo
53%
94,333Dearborn
44%
15,651Traverse City
42%
48,323Saginaw
42%
13,552Sault Ste. Marie
39%
51,247Battle Creek
36%
134,587Warren
33%
59,772Pontiac
33%
33,019Bay City
33%
37,287Muskegon
32%
33,327Holland
29%
32,605Jackson
28%
28,927Port Huron
27%
93,971Livonia
27%
132,964Sterling Heights
27%
84,272Troy
26%
41,800Midland
25%
60,951Novi
23%
73,158Southfield
22%
75,820Wyoming
22%
81,093Farmington Hills
21%
59,461Royal Oak
21%
74,696Rochester Hills
19%
61,148Taylor
18%
81,720Westland
18%

Score Distribution

Percentile by Number Answered

Percent of People with Each Score

Your Score History

You have not taken this quiz since the last reset